[Event "Goch op 24th"]
[Site "Goch"]
[Date "2013.09.08"]
[Round "6"]
[White "Vasiljevs, Jurijs"]
[Black "Prang, Andreas"]
[Result "1-0"]
[WhiteElo "2161"]
[BlackElo "1965"]
[PlyCount "101"]
[EventDate "2013.09.05"]
[EventType "swiss"]
[EventRounds "7"]
[EventCountry "GER"]
[SourceTitle "EXT 2015"]
[Source "ChessBase"]
[SourceDate "2014.11.20"]
[SourceVersion "1"]
[SourceVersionDate "2014.11.20"]
[SourceQuality "1"]

1. d4 d5 2. c4 c6 3. Nf3 Nf6 4. Nc3 a6 5. e3 g6 6. Bd3 Bg7 7. 0-0 0-0 8. h3 e6 9. b3 Nbd7 10. Bb2 b6 11. Qe2 Bb7 12. Rfd1 Qe7 13. a4 Rfc8 14. Ne5 c5 15. f4 cxd4 16. exd4 Bh6 17. Ba3 Qe8 18. Qf2 Nb8 19. Qh4 Bg7 20. Re1 Qd8 21. c5 Nc6 22. Qf2 bxc5 23. Nxc6 Rxc6 24. Bxc5 Nd7 25. b4 Rac8 26. Rab1 Qf6 27. Ne2 Bf8 28. Rec1 Ba8 29. Qe3 h5 30. Kh2 Kh7 31. g3 Kg8 32. Ng1 Bh6 33. Nf3 Kh7 34. b5 axb5 35. axb5 R6c7 36. b6 Nxc5 37. dxc5 d4 38. Qe5 Qe7 39. bxc7 Bxf3 40. Be4 Bxe4 41. Qxe4 h4 42. Qxd4 Qxc7 43. c6 hxg3+ 44. Kxg3 Rd8 45. Qe4 Rd5 46. Rb7 Bxf4+ 47. Kf3 Qa5 48. Rxf7+ Kh8 49. Qxf4 Qa3+ 50. Kg4 Rf5 51. Qh6+ 1-0

[Event "Goch op 24th"]
[Site "Goch"]
[Date "2013.09.07"]
[Round "4"]
[White "Vasiljevs, Jurijs"]
[Black "Glinzk, Michael"]
[Result "1-0"]
[WhiteElo "2161"]
[BlackElo "1987"]
[PlyCount "103"]
[EventDate "2013.09.05"]
[EventType "swiss"]
[EventRounds "7"]
[EventCountry "GER"]
[SourceTitle "EXT 2015"]
[Source "ChessBase"]
[SourceDate "2014.11.20"]
[SourceVersion "1"]
[SourceVersionDate "2014.11.20"]
[SourceQuality "1"]

1. d4 Nf6 2. c4 e5 3. dxe5 Ng4 4. Bf4 Nc6 5. Nf3 Bb4+ 6. Nc3 Qe7 7. Qd5 Bxc3+ 8. bxc3 f6 9. exf6 Nxf6 10. Qd3 d6 11. e3 Ne4 12. Nd4 Nc5 13. Qc2 Ne5 14. Be2 0-0 15. 0-0 Bd7 16. Rae1 Qf7 17. Nb3 Bf5 18. Qd1 Rad8 19. Nxc5 dxc5 20. Qb3 Nd3 21. Bg5 Nxe1 22. Bxd8 Nxg2 23. Qxb7 Rxd8 24. Qxg2 Be6 25. Qg5 Rd2 26. Rb1 h6 27. Qh5 Qxh5 28. Bxh5 Bxc4 29. Bg6 Kf8 30. a4 Ra2 31. h4 Rxa4 32. e4 Bf7 33. Bxf7 Kxf7 34. f3 Rc4 35. Rb3 Kf6 36. Kf2 g5 37. hxg5+ hxg5 38. Ke3 Ra4 39. Rb5 Ra1 40. Rxc5 a5 41. Rxc7 a4 42. Ra7 a3 43. Ra6+ Ke5 44. Ra5+ Kf6 45. Kd4 a2 46. Kc4 Rf1 47. Rxa2 Rxf3 48. Kd4 g4 49. Ra8 Kg5 50. c4 Kf4 51. e5 Kg3 52. e6 1-0

[Event "Goch op 24th"]
[Site "Goch"]
[Date "2013.09.06"]
[Round "3"]
[White "Hintze, Helge"]
[Black "Vasiljevs, Jurijs"]
[Result "1-0"]
[WhiteElo "2330"]
[BlackElo "2161"]
[PlyCount "45"]
[EventDate "2013.09.05"]
[EventType "swiss"]
[EventRounds "7"]
[EventCountry "GER"]
[SourceTitle "EXT 2015"]
[Source "ChessBase"]
[SourceDate "2014.11.20"]
[SourceVersion "1"]
[SourceVersionDate "2014.11.20"]
[SourceQuality "1"]

1. Nf3 d5 2. g3 c5 3. Bg2 Nf6 4. 0-0 Nc6 5. d4 e6 6. c4 dxc4 7. Qa4 Bd7 8. dxc5 Na5 9. Qc2 Bxc5 10. Ne5 Qc7 11. Nxd7 Nxd7 12. Nc3 0-0 13. Bf4 e5 14. Nd5 Qd8 15. Bd2 Rc8 16. Rad1 b5 17. Qf5 Nc6 18. Be4 g6 19. Qxd7 Nd4 20. e3 f5 21. Qxd8 Ne2+ 22. Kh1 Rfxd8 23. Ba5 1-0

[Event "Goch op 24th"]
[Site "Goch"]
[Date "2013.09.06"]
[Round "2"]
[White "Vasiljevs, Jurijs"]
[Black "Mohrholz, Stefan"]
[Result "1-0"]
[WhiteElo "2161"]
[BlackElo "1976"]
[PlyCount "75"]
[EventDate "2013.09.05"]
[EventType "swiss"]
[EventRounds "7"]
[EventCountry "GER"]
[SourceTitle "EXT 2015"]
[Source "ChessBase"]
[SourceDate "2014.11.20"]
[SourceVersion "1"]
[SourceVersionDate "2014.11.20"]
[SourceQuality "1"]

1. d4 Nf6 2. c4 e6 3. Nf3 c5 4. e3 d5 5. Nc3 cxd4 6. exd4 Be7 7. Bg5 0-0 8. Rc1 a6 9. c5 Nc6 10. Bd3 Nd7 11. Bxe7 Qxe7 12. 0-0 f5 13. Re1 Qf6 14. Bf1 g5 15. Qd2 f4 16. h3 h5 17. Qe2 g4 18. hxg4 hxg4 19. Nh2 Nxd4 20. Qxg4+ Kf7 21. Qh5+ Qg6 22. Qxg6+ Kxg6 23. Rcd1 e5 24. Nxd5 Nc6 25. b4 Nf6 26. a3 Bf5 27. Nf3 Rae8 28. Nh4+ Kg5 29. Nxf5 Kxf5 30. Nxf6 Rxf6 31. Rd7 Rh8 32. Bd3+ Ke6 33. Rxb7 f3 34. Rh7 Rxh7 35. Bxh7 Nd4 36. Bd3 Kd5 37. Be4+ Kc4 38. gxf3 1-0

[Event "Goch op 23rd"]
[Site "Goch"]
[Date "2012.09.01"]
[Round "4"]
[White "Mohrholz, Stefan"]
[Black "Vasiljevs, Jurijs"]
[Result "0-1"]
[WhiteElo "2002"]
[BlackElo "2152"]
[PlyCount "77"]
[EventDate "2012.08.30"]
[EventType "swiss"]
[EventRounds "7"]
[EventCountry "GER"]
[SourceTitle "EXT 2015"]
[Source "ChessBase"]
[SourceDate "2014.11.20"]
[SourceVersion "1"]
[SourceVersionDate "2014.11.20"]
[SourceQuality "1"]

1. d4 Nf6 2. Nf3 d5 3. c4 e6 4. g3 c6 5. Bg2 Nbd7 6. Nbd2 Bd6 7. 0-0 0-0 8. b3 b6 9. Bb2 Bb7 10. Rc1 Qe7 11. Ne5 Rac8 12. e4 dxe4 13. Nxe4 Nxe4 14. Bxe4 Rfd8 15. Qe2 Nf6 16. Bg2 c5 17. Bxb7 Qxb7 18. Rfd1 cxd4 19. Bxd4 Qe4 20. Qxe4 Nxe4 21. Kg2 Ba3 22. Rb1 f6 23. Nf3 e5 24. Be3 Nc3 25. Rxd8+ Rxd8 26. Rf1 Kf7 27. Bd2 Ne4 28. Be3 Ke6 29. Ne1 Bc5 30. Bxc5 bxc5 31. Nf3 Rd3 32. Re1 Nc3 33. Rc1 Ne4 34. Rc2 g5 35. Ne1 Rd1 36. Kf1 g4 37. Ke2 Ra1 38. Kf1 f5 39. Rb2 0-1

[Event "Goch op 23rd"]
[Site "Goch"]
[Date "2012.08.31"]
[Round "3"]
[White "Vasiljevs, Jurijs"]
[Black "Priebs, Ludger"]
[Result "1-0"]
[WhiteElo "2152"]
[BlackElo "1918"]
[PlyCount "47"]
[EventDate "2012.08.30"]
[EventType "swiss"]
[EventRounds "7"]
[EventCountry "GER"]
[SourceTitle "EXT 2015"]
[Source "ChessBase"]
[SourceDate "2014.11.20"]
[SourceVersion "1"]
[SourceVersionDate "2014.11.20"]
[SourceQuality "1"]

1. d4 d5 2. c4 e6 3. Nc3 c5 4. e3 Nf6 5. Nf3 Nc6 6. a3 Ne4 7. Bd3 f5 8. 0-0 Be7 9. cxd5 exd5 10. dxc5 Bxc5 11. Qc2 Nxc3 12. Qxc3 Qe7 13. b4 Bd6 14. Bb2 0-0 15. b5 Nd8 16. Rad1 Be6 17. Nd4 Rc8 18. Qb3 f4 19. exf4 Rxf4 20. g3 Qg5 21. Nxe6 Nxe6 22. Bc1 Nd4 23. Bxf4 Bxf4 24. Bxh7+ 1-0

[Event "Goch op 23rd"]
[Site "Goch"]
[Date "2012.08.30"]
[Round "1"]
[White "Vasiljevs, Jurijs"]
[Black "Christen, Stefan"]
[Result "1-0"]
[WhiteElo "2152"]
[BlackElo "1843"]
[PlyCount "63"]
[EventDate "2012.08.30"]
[EventType "swiss"]
[EventRounds "7"]
[EventCountry "GER"]
[SourceTitle "EXT 2015"]
[Source "ChessBase"]
[SourceDate "2014.11.20"]
[SourceVersion "1"]
[SourceVersionDate "2014.11.20"]
[SourceQuality "1"]

1. d4 Nf6 2. c4 e6 3. Nc3 Bb4 4. Nf3 b6 5. Bg5 c5 6. e3 Qc7 7. Bd3 Nc6 8. 0-0 Bxc3 9. bxc3 Na5 10. Ne5 d6 11. Bxf6 gxf6 12. Ng4 f5 13. Nf6+ Ke7 14. Nh5 Rg8 15. e4 cxd4 16. cxd4 Bb7 17. f3 Rg5 18. f4 Rg4 19. h3 Rxg2+ 20. Kxg2 Nxc4 21. Qe2 Rg8+ 22. Kh2 Bxe4 23. Bxe4 fxe4 24. Qf2 d5 25. Rg1 Rg6 26. Rac1 b5 27. Qh4+ Kf8 28. Nf6 Qd6 29. Nxh7+ Kg7 30. Rxg6+ fxg6 31. Rg1 Nd2 32. Qf6+ 1-0

[Event "Lower Rhine-ch"]
[Site "Solingen"]
[Date "2011.04.20"]
[Round "5"]
[White "Vasiljevs, Jurijs"]
[Black "Koehler, Markus"]
[Result "1/2-1/2"]
[WhiteElo "2158"]
[BlackElo "2105"]
[PlyCount "133"]
[EventDate "2011.04.16"]
[EventType "swiss"]
[EventRounds "7"]
[EventCountry "GER"]
[SourceTitle "CBM 142 Extra"]
[Source "ChessBase"]
[SourceDate "2011.06.27"]
[SourceVersion "1"]
[SourceVersionDate "2011.06.27"]
[SourceQuality "1"]

1. d4 Nf6 2. c4 d6 3. Nc3 Bf5 4. f3 e5 5. dxe5 dxe5 6. Qxd8+ Kxd8 7. e4 Be6 8. Be3 c6 9. a3 Nfd7 10. Rd1 Kc7 11. f4 f6 12. Nf3 Bg4 13. Be2 Bxf3 14. Bxf3 Bd6 15. g3 a5 16. 0-0 Na6 17. Na4 Rad8 18. Rf2 b6 19. Rfd2 Bc5 20. Nxc5 Ndxc5 21. fxe5 fxe5 22. Bg5 Rxd2 23. Rxd2 Nb3 24. Rf2 Rf8 25. Bg4 Rxf2 26. Kxf2 Nac5 27. Ke3 Nd4 28. Be7 Na4 29. b4 Nb2 30. c5 bxc5 31. bxc5 Kb7 32. Bf8 Nc4+ 33. Kd3 Nb2+ 34. Ke3 g6 35. Bg7 Nc4+ 36. Kf2 Nc2 37. a4 Nb2 38. Be2 Nb4 39. Ke3 Nxa4 40. Bxe5 Nxc5 41. Bd6 Nc2+ 42. Kf4 g5+ 43. Ke5 Kb6 44. Be7 a4 45. Bd8+ Kb7 46. Bxg5 a3 47. Bc4 Nb4 48. Be7 Ncd3+ 49. Kd4 c5+ 50. Bxc5 Nxc5 51. Kxc5 a2 52. Bxa2 Nxa2 53. Kd6 Kc8 54. Ke7 Nc3 55. e5 Nd5+ 56. Kf7 Kd7 57. e6+ Kd6 58. g4 Ne7 59. h4 Ng6 60. Kf6 Nf4 61. e7 Nd5+ 62. Kg7 Kxe7 63. g5 Nf4 64. Kxh7 Kf7 65. Kh6 Nh3 66. Kh7 Nf4 67. Kh6 1/2-1/2

[Event "Rheinhausen-ch"]
[Site "Rheinhausen"]
[Date "2011.03.11"]
[Round "6"]
[White "Vasiljevs, Jurijs"]
[Black "Proettel, Swen"]
[Result "0-1"]
[WhiteElo "2047"]
[BlackElo "2185"]
[PlyCount "156"]
[EventDate "2011.01.07"]
[EventType "swiss"]
[EventRounds "7"]
[EventCountry "GER"]
[SourceTitle "EXT 2015"]
[Source "ChessBase"]
[SourceDate "2014.11.20"]
[SourceVersion "1"]
[SourceVersionDate "2014.11.20"]
[SourceQuality "1"]

1. d4 d5 2. c4 c6 3. Nf3 Nf6 4. Nc3 e6 5. Bg5 dxc4 6. e4 b5 7. e5 h6 8. Bxf6 gxf6 9. Be2 Nd7 10. 0-0 Bb7 11. a4 a6 12. Qd2 f5 13. g3 Be7 14. h4 Nb6 15. Rfd1 Bb4 16. Qc2 Bxc3 17. bxc3 Nxa4 18. Bxc4 bxc4 19. Qxa4 0-0 20. Qxc4 c5 21. dxc5 Qc7 22. Rd3 Rfd8 23. Rxd8+ Rxd8 24. c6 Qxc6 25. Qxc6 Bxc6 26. Nd4 Bb7 27. f4 Rc8 28. Ra3 Kg7 29. h5 Rc5 30. Kf2 Bc8 31. Ke3 Bb7 32. Kd2 Kf8 33. Rb3 Bd5 34. Rb8+ Kg7 35. Rb6 Ra5 36. Rb2 Ra1 37. Kd3 Rd1+ 38. Ke3 Rg1 39. Ne2 Rg2 40. Rb4 a5 41. Ra4 Bb3 42. Rxa5 Bd1 43. Ra2 Bxe2 44. Rxe2 Rxg3+ 45. Kd4 Rf3 46. c4 Rxf4+ 47. Kc5 Kf8 48. Rc2 Re4 49. Kd6 Rd4+ 50. Kc7 Ke7 51. c5 f6 52. exf6+ Kxf6 53. c6 Ke7 54. Kc8 e5 55. c7 Rb4 56. Rc6 e4 57. Rxh6 e3 58. Rc6 e2 59. Rc1 Rc4 60. Re1 Kd6 61. Rxe2 Rxc7+ 62. Kd8 Rh7 63. Rd2+ Ke6 64. Rh2 Kf6 65. Rg2 Rxh5 66. Kd7 f4 67. Kd6 Ra5 68. Rg8 Kf5 69. Rf8+ Ke4 70. Re8+ Kd3 71. Rf8 Ke3 72. Re8+ Kf2 73. Rf8 f3 74. Rf7 Kg2 75. Rg7+ Kf1 76. Rf7 f2 77. Rf8 Rg5 78. Rf7 Kg2 0-1

[Event "Rheinhausen-ch"]
[Site "Rheinhausen"]
[Date "2011.02.18"]
[Round "4"]
[White "Vasiljevs, Jurijs"]
[Black "Schnelle, Lukas"]
[Result "1-0"]
[WhiteElo "2047"]
[BlackElo "1934"]
[PlyCount "117"]
[EventDate "2011.01.07"]
[EventType "swiss"]
[EventRounds "7"]
[EventCountry "GER"]
[SourceTitle "EXT 2015"]
[Source "ChessBase"]
[SourceDate "2014.11.20"]
[SourceVersion "1"]
[SourceVersionDate "2014.11.20"]
[SourceQuality "1"]

1. d4 d5 2. c4 c6 3. Nf3 Nf6 4. Nc3 e6 5. e3 a6 6. Bd3 dxc4 7. Bxc4 b5 8. Bd3 Bb7 9. a4 Nbd7 10. 0-0 Be7 11. Qe2 0-0 12. e4 b4 13. e5 bxc3 14. exf6 Nxf6 15. bxc3 c5 16. Rd1 cxd4 17. Nxd4 Qc7 18. c4 Rfd8 19. Bb2 Rab8 20. Bc3 Bd6 21. h3 Rbc8 22. Nb3 Qe7 23. c5 Bxc5 24. Nxc5 Qxc5 25. Bxf6 gxf6 26. Bxa6 Qc6 27. Bxb7 Qxb7 28. a5 Rxd1+ 29. Rxd1 Ra8 30. Ra1 Qb4 31. a6 Qb6 32. Qc4 Kf8 33. Qa4 Ra7 34. Qa3+ Kg8 35. Qd3 Kg7 36. Ra4 f5 37. h4 h6 38. Qc3+ Kg8 39. Rc4 Qb1+ 40. Kh2 Qb8+ 41. g3 Ra8 42. Rc7 f4 43. gxf4 Qd8 44. Kh3 Qd1 45. Qg3+ Kf8 46. Qa3+ Kg8 47. Rc1 Qd5 48. Rg1+ Kh7 49. Qg3 Qf5+ 50. Kh2 Qf6 51. a7 Qd4 52. Kh3 Qf6 53. Qd3+ Kh8 54. Qe3 Qf5+ 55. Kh2 Qf6 56. Qg3 Qd4 57. f5 Qf6 58. Rb1 Rg8 59. Rb8 1-0

[Event "Rheinhausen-ch"]
[Site "Rheinhausen"]
[Date "2011.02.04"]
[Round "3"]
[White "Klasmeier, Hartmut"]
[Black "Vasiljevs, Jurijs"]
[Result "1-0"]
[WhiteElo "1902"]
[BlackElo "2047"]
[PlyCount "61"]
[EventDate "2011.01.07"]
[EventType "swiss"]
[EventRounds "7"]
[EventCountry "GER"]
[SourceTitle "EXT 2015"]
[Source "ChessBase"]
[SourceDate "2014.11.20"]
[SourceVersion "1"]
[SourceVersionDate "2014.11.20"]
[SourceQuality "1"]

1. Nc3 d5 2. e3 c5 3. Nf3 Nc6 4. Bb5 Nf6 5. Ne5 Qc7 6. d4 e6 7. 0-0 Bd6 8. f4 0-0 9. Bxc6 bxc6 10. Ng4 Nxg4 11. Qxg4 e5 12. Qd1 exf4 13. exf4 Bf5 14. Ne2 Rfe8 15. Ng3 Be4 16. Qg4 cxd4 17. Nh5 Bg6 18. Nxg7 Kxg7 19. f5 Bxh2+ 20. Kh1 Qg3 21. Qxd4+ Qe5 22. Qh4 Bxf5 23. Bd2 c5 24. Rae1 Be4 25. Rxe4 Qxe4 26. Qf6+ Kg8 27. Qxf7+ Kh8 28. Qf6+ Kg8 29. Rf5 Re5 30. Bh6 Qg4 31. Qf8+ 1-0

[Event "Goch op 21st"]
[Site "Goch"]
[Date "2010.10.02"]
[Round "5"]
[White "Koch, Frank"]
[Black "Vasiljevs, Jurijs"]
[Result "0-1"]
[WhiteElo "2041"]
[BlackElo "2175"]
[PlyCount "54"]
[EventDate "2010.09.30"]
[EventType "swiss"]
[EventRounds "7"]
[EventCountry "GER"]
[SourceTitle "EXT 2012"]
[Source "ChessBase"]
[SourceDate "2011.11.24"]
[SourceVersion "1"]
[SourceVersionDate "2011.11.24"]
[SourceQuality "1"]

1. c4 e5 2. g3 Nf6 3. Bg2 Bc5 4. Nc3 0-0 5. e3 Nc6 6. Nge2 Re8 7. 0-0 e4 8. d4 exd3 9. Nf4 d6 10. Nxd3 Bb6 11. h3 Bf5 12. Nf4 Qd7 13. g4 Be4 14. Nxe4 Nxe4 15. b3 Ng5 16. Bb2 Ne6 17. Nd5 Rab8 18. Qf3 Ne7 19. Nxb6 axb6 20. Rfd1 Ng6 21. Qg3 Qe7 22. f4 Nc5 23. Bd4 Ne4 24. Bxe4 Qxe4 25. Kf2 c5 26. f5 cxd4 27. fxg6 dxe3+ 0-1

[Event "Leverkusen-ch op"]
[Site "Leverkusen"]
[Date "2010.04.26"]
[Round "7"]
[White "Vasiljevs, Jurijs"]
[Black "Bigott, Martin"]
[Result "1-0"]
[WhiteElo "2145"]
[BlackElo "1908"]
[PlyCount "45"]
[EventDate "2010.01.18"]
[EventType "swiss"]
[EventRounds "7"]
[EventCountry "GER"]
[SourceTitle "EXT 2011"]
[Source "ChessBase"]
[SourceDate "2010.11.26"]
[SourceVersion "1"]
[SourceVersionDate "2010.11.26"]
[SourceQuality "1"]

1. d4 Nf6 2. c4 e6 3. Nc3 d5 4. Bg5 Be7 5. Nf3 0-0 6. e3 Nbd7 7. Rc1 Ne4 8. Bxe7 Qxe7 9. cxd5 Nxc3 10. Rxc3 exd5 11. Rxc7 Qd6 12. Qc2 Nb6 13. Rc3 Be6 14. Bd3 g6 15. h4 Bg4 16. Ne5 h5 17. Nxg4 hxg4 18. h5 g5 19. Bf5 g3 20. Rh3 gxf2+ 21. Qxf2 Nc4 22. Bd3 Rac8 23. Qf5 1-0

[Event "Duesseldorf Nord Cup 8th GrB"]
[Site "Duesseldorf"]
[Date "2008.08.02"]
[Round "2"]
[White "Vasiljevs, Jurijs"]
[Black "Zeldin, Leonid"]
[Result "1-0"]
[WhiteElo "2070"]
[BlackElo "2112"]
[PlyCount "65"]
[EventDate "2008.08.01"]
[EventType "tourn"]
[EventRounds "5"]
[EventCountry "GER"]
[SourceTitle "EXT 2017"]
[Source "ChessBase"]
[SourceDate "2016.10.25"]
[SourceVersion "1"]
[SourceVersionDate "2016.10.25"]
[SourceQuality "1"]

1. d4 Nf6 2. c4 e6 3. Nc3 Bb4 4. Qc2 0-0 5. Nf3 c5 6. dxc5 Na6 7. a3 Bxc3+ 8. Qxc3 Nxc5 9. b4 Nce4 10. Qc2 d5 11. e3 Ng4 12. Be2 Ngxf2 13. 0-0 Ng4 14. h3 Ngf6 15. Bb2 Bd7 16. Bd3 Rc8 17. Ne5 Bc6 18. c5 a6 19. a4 Qe8 20. Bd4 Nd7 21. Nxc6 Rxc6 22. Bxe4 dxe4 23. Qxe4 e5 24. Bc3 Qe6 25. Rfd1 Re8 26. Qd5 Nf6 27. Qxe6 Rcxe6 28. b5 Ne4 29. Bb4 f5 30. Rd7 R8e7 31. Rad1 Nf6 32. c6 Rf7 33. Rxf7 1-0

[Event "Duesseldorf Nord Cup 7th GrA"]
[Site "Duesseldorf"]
[Date "2007.08.12"]
[Round "5"]
[White "Schuelke, Tilman"]
[Black "Vasiljevs, Jurijs"]
[Result "1-0"]
[WhiteElo "1911"]
[BlackElo "2070"]
[PlyCount "81"]
[EventDate "2007.08.10"]
[EventType "tourn"]
[EventRounds "5"]
[EventCountry "GER"]
[SourceTitle "EXT 2017"]
[Source "ChessBase"]
[SourceDate "2016.10.25"]
[SourceVersion "1"]
[SourceVersionDate "2016.10.25"]
[SourceQuality "1"]

1. g3 d5 2. Bg2 c5 3. Nf3 Nc6 4. 0-0 e5 5. d3 Nf6 6. e4 d4 7. h3 Be7 8. a4 h6 9. Nh4 g6 10. Nf3 Be6 11. Na3 Qc7 12. b3 0-0-0 13. Nb5 Qd7 14. Nxa7+ Nxa7 15. Nxe5 Qc7 16. Nc4 Bxc4 17. bxc4 g5 18. e5 Nd7 19. f4 Nc6 20. Kh1 gxf4 21. gxf4 Rdg8 22. Bd2 Bh4 23. Be4 h5 24. a5 Ndb8 25. Rb1 Qd7 26. f5 Bg3 27. e6 fxe6 28. fxe6 Qe7 29. Rf7 Qh4 30. Qf1 Bc7 31. e7 Nxe7 32. Bxb7+ Kd8 33. a6 Rg3 34. Rf3 Nbc6 35. Bxc6 Nxc6 36. a7 Nxa7 37. Rxg3 Qxg3 38. Qf6+ Kd7 39. Qf5+ Kd8 40. Bg5+ Ke8 41. Qe6+ 1-0

[Event "Leverkusen-ch op"]
[Site "Leverkusen"]
[Date "2007.03.12"]
[Round "6"]
[White "Vasiljevs, Jurijs"]
[Black "Negele, Michael"]
[Result "1/2-1/2"]
[WhiteElo "2081"]
[BlackElo "2245"]
[PlyCount "46"]
[EventDate "2007.01.08"]
[EventType "swiss"]
[EventRounds "7"]
[EventCountry "GER"]
[SourceTitle "EXT 2008"]
[Source "ChessBase"]
[SourceDate "2007.11.25"]
[SourceVersion "1"]
[SourceVersionDate "2007.11.25"]
[SourceQuality "1"]

1. d4 f5 2. c4 Nf6 3. Nc3 e6 4. Nf3 Bb4 5. Qb3 c5 6. d5 0-0 7. Bf4 Ne4 8. Rd1 d6 9. dxe6 Bxe6 10. a3 Bxc3+ 11. bxc3 Nc6 12. e3 Na5 13. Qc2 Bxc4 14. Bxc4+ Nxc4 15. Qb3 d5 16. Qxb7 Nxc3 17. Rd3 Qa5 18. 0-0 Ne2+ 19. Kh1 Nxf4 20. exf4 Nb6 21. Ne5 Rab8 22. Qc7 Rbc8 23. Qb7 Rb8 1/2-1/2

[Event "Leverkusen-ch op"]
[Site "Leverkusen"]
[Date "2007.02.12"]
[Round "4"]
[White "Vasiljevs, Jurijs"]
[Black "Rotstein, Jefim"]
[Result "0-1"]
[WhiteElo "2081"]
[BlackElo "2389"]
[PlyCount "79"]
[EventDate "2007.01.08"]
[EventType "swiss"]
[EventRounds "7"]
[EventCountry "GER"]
[SourceTitle "EXT 2008"]
[Source "ChessBase"]
[SourceDate "2007.11.25"]
[SourceVersion "1"]
[SourceVersionDate "2007.11.25"]
[SourceQuality "1"]

1. d4 Nf6 2. c4 c5 3. e3 e6 4. Nc3 b6 5. Nf3 d6 6. Be2 Bb7 7. 0-0 Be7 8. d5 e5 9. Nd2 0-0 10. f4 Nbd7 11. Qc2 a6 12. a4 exf4 13. exf4 Ne8 14. Bd3 Ndf6 15. Nf3 Nc7 16. g4 Nxg4 17. Bxh7+ Kh8 18. Bd3 Bc8 19. h3 Nh6 20. f5 Ne8 21. Ne2 Nf6 22. Kh1 Nfg8 23. Rg1 Bf6 24. Ng3 Bd7 25. Bf4 Re8 26. Nh5 Qe7 27. Rg3 Be5 28. Bxe5 dxe5 29. Rxg7 e4 30. Ng5 Bxf5 31. Be2 Bg6 32. Rg1 Qe5 33. Bf3 Nf6 34. Qg2 exf3 35. Nxf3 Qxh5 36. Rxg6 fxg6 37. d6 Rad8 38. Ng5 Rxd6 39. Qb7 Rd1 40. Qxb6 0-1